000 00771nas a2200265Ia 4500
001 A03/R024-30166
003 IT-MiCISF
008 161014c99999999xx |||||||||||| ||und||
040 _aIT-MiCISF
_cIT-MiCISF
041 _aITALIANO
100 _aDel Colle Beppe
210 _aFamiglia oggi
222 _aFamiglia oggi
245 0 _aI "vantaggi" dell'ecstasy
250 _a1a ed.
260 _c2000
501 _bCISF - Centro Internazionale Studi Famiglia - Via Giotto, 36 20145 MILANO (non commercial uses only)
_cCopyright 2016
300 _app. 68-69
362 _an. 1, gennaio [2000]
500 _a Tema: tossicodipendenza, giovani
650 _aemarginazione devianza
_varticolo
700 _aAA.VV.
942 _cCR
957 _71
999 _a30166
_bSi
_g1
_c225297
_d225297